[Event "XtraCon-Skakligaen"]
[Site "Denmark"]
[Date "2013.03.10"]
[Round "9.6"]
[White "Thestrup, Sixten"]
[Black "Pedersen, Sven"]
[Result "1-0"]
[WhiteElo "2072"]
[BlackElo "2114"]
[PlyCount "99"]
[EventDate "2012.10.27"]
[EventType "team-tourn"]
[EventRounds "9"]
[WhiteTeam "Obro"]
[BlackTeam "BMSSkak"]
[WhiteTeamCountry "DEN"]
[BlackTeamCountry "DEN"]

1. d4 d5 2. Bg5 c6 3. Nc3 Bf5 4. f3 h6 5. Bh4 Qa5 6. Qd2 e6 7. e4 Bh7 8. Bd3
Be7 9. Bg3 Na6 10. exd5 Bxd3 11. Qxd3 Nb4 12. Qd2 Nxd5 13. Nxd5 Qxd2+ 14. Kxd2
exd5 15. Ne2 Nf6 16. Nf4 O-O 17. Rhe1 Rfe8 18. c3 Nd7 19. Nd3 Bf8 20. Rxe8 Rxe8
21. a4 f6 22. a5 a6 23. b4 Kf7 24. Rb1 g6 25. Bc7 Rc8 26. Bg3 Re8 27. h3 h5 28.
Bf4 Re6 29. g4 f5 30. gxf5 gxf5 31. Nc5 Nxc5 32. bxc5 Re7 33. Bg5 Rd7 34. Ke3
Be7 35. Kf4 Kg6 36. Rg1 Bxg5+ 37. Rxg5+ Kh6 38. Rxf5 Rg7 39. Rf6+ Kh7 40. h4
Re7 41. Kg5 Re3 42. Rf7+ Kg8 43. Rxb7 Rxc3 44. Rb6 Rxf3 45. Rxc6 Rd3 46. Kg6
Kf8 47. Kf6 Kg8 48. Ke5 Rh3 49. Rxa6 Rxh4 50. c6 1-0

[Event "XtraCon-Skakligaen"]
[Site "Denmark"]
[Date "2013.03.10"]
[Round "9.7"]
[White "Brorsen, Jacob Abildlund"]
[Black "Simonsen, Carsten"]
[Result "0-1"]
[WhiteElo "2129"]
[BlackElo "2187"]
[PlyCount "140"]
[EventDate "2012.10.27"]
[EventType "team-tourn"]
[EventRounds "9"]
[WhiteTeam "BMSSkak"]
[BlackTeam "Obro"]
[WhiteTeamCountry "DEN"]
[BlackTeamCountry "DEN"]

1. d4 Nf6 2. c4 g6 3. Nc3 d5 4. Bg5 Bg7 5. Bxf6 Bxf6 6. cxd5 c5 7. dxc6 Nxc6 8.
e3 O-O 9. Be2 Qa5 10. Nf3 e5 11. dxe5 Nxe5 12. Nd4 Nc6 13. Nb3 Bxc3+ 14. bxc3
Qxc3+ 15. Qd2 Qe5 16. O-O Rd8 17. Qc2 Bf5 18. Qc5 Rd5 19. Qc4 Rad8 20. Rfe1 Qe7
21. Rac1 Bd3 22. Bxd3 Ne5 23. Qc7 R5d7 24. Qc5 Nxd3 25. Qxe7 Rxe7 26. Red1 Red7
27. Rc4 Nb2 28. Rxd7 Rxd7 29. Rc8+ Kg7 30. Nd4 Na4 31. Kf1 Nb6 32. Rc1 Nd5 33.
Ke2 a6 34. a3 Kf6 35. Kd3 Ke5 36. f4+ Kd6 37. Ne2 f5 38. Nd4 Re7 39. Nc2 Rc7
40. Rb1 Rc3+ 41. Kd2 b5 42. g4 Kc5 43. gxf5 gxf5 44. Rg1 Kc4 45. Rg7 Rd3+ 46.
Kc1 Nxe3 47. Rxh7 Nxc2 48. Kxc2 Rxa3 49. Rc7+ Kb4 50. h4 Rf3 51. h5 Rxf4 52. h6
Rh4 53. h7 Rh3 54. Kd2 a5 55. Kc2 a4 56. Rb7 a3 57. Kb1 Rh1+ 58. Ka2 Rh2+ 59.
Kb1 Ka4 60. Rd7 b4 61. Ra7+ Kb3 62. Kc1 a2 63. Kd1 Kb2 64. Ra4 a1=Q+ 65. Rxa1
Kxa1 66. Kc1 b3 67. h8=Q+ Rxh8 68. Kd2 b2 69. Ke3 b1=Q 70. Kd4 Qe4+ 0-1

[Event "XtraCon-Skakligaen"]
[Site "Denmark"]
[Date "2013.03.10"]
[Round "9.8"]
[White "Rhee, Alexander"]
[Black "Andersen, Kim Nyvang"]
[Result "1-0"]
[WhiteElo "2183"]
[BlackElo "1986"]
[PlyCount "65"]
[EventDate "2012.10.27"]
[EventType "team-tourn"]
[EventRounds "9"]
[WhiteTeam "Obro"]
[BlackTeam "BMSSkak"]
[WhiteTeamCountry "DEN"]
[BlackTeamCountry "DEN"]

1. c4 Nf6 2. g3 g6 3. Bg2 Bg7 4. Nc3 d6 5. e4 Nc6 6. Nge2 e5 7. d3 O-O 8. h3
Be6 9. O-O Qd7 10. Kh2 Ne8 11. Be3 f5 12. exf5 Bxf5 13. d4 exd4 14. Nxd4 Nxd4
15. Bxd4 c6 16. Qd2 Nf6 17. Rad1 Rfe8 18. Qf4 Nh5 19. Qg5 Bxd4 20. Rxd4 Ng7 21.
Qd2 Rad8 22. Rd1 Qf7 23. Rxd6 Rxd6 24. Qxd6 Qxc4 25. Nd5 Re6 26. Qb8+ Ne8 27.
Nc7 Qe2 28. Nxe6 Qxe6 29. Rd8 Kf8 30. Qxb7 Qf6 31. Qb8 Qf7 32. Bxc6 Bd7 33.
Rxd7 1-0

[Event "XtraCon-Skakligaen"]
[Site "Denmark"]
[Date "2013.03.10"]
[Round "9.1"]
[White "Hagen, Andreas Skytte"]
[Black "Hector, Jonny"]
[Result "1-0"]
[WhiteElo "2416"]
[BlackElo "2539"]
[PlyCount "129"]
[EventDate "2012.10.27"]
[EventType "team-tourn"]
[EventRounds "9"]
[WhiteTeam "K41"]
[BlackTeam "Nordkalotten"]
[WhiteTeamCountry "DEN"]
[BlackTeamCountry "DEN"]

1. c4 e5 2. g3 c6 3. d4 Bb4+ 4. Bd2 Bxd2+ 5. Qxd2 d6 6. Nc3 Nf6 7. Bg2 O-O 8.
e3 Be6 9. b3 exd4 10. Qxd4 d5 11. cxd5 Nxd5 12. Nge2 Qa5 13. Qa4 Qxa4 14. Nxa4
Na6 15. O-O-O Rfd8 16. Rd2 Ndb4 17. Nd4 Bg4 18. a3 Nd5 19. Rc2 Rd6 20. h3 Bd7
21. Rd1 Re8 22. Kb2 Ndc7 23. Rdc1 g6 24. b4 Ne6 25. Nb3 Kg7 26. h4 Bc8 27. Nc3
Red8 28. Bf3 Nac7 29. Ne4 R6d7 30. Nc3 f5 31. Ne2 Rd3 32. Nc3 a6 33. Be2 R3d6
34. Rd1 Rxd1 35. Bxd1 Nb5 36. Be2 Nxc3 37. Kxc3 h6 38. Rd2 Rxd2 39. Kxd2 Kf6
40. Kc3 g5 41. hxg5+ hxg5 42. a4 Ke5 43. a5 g4 44. Nd2 Nd8 45. Nc4+ Kf6 46. Nd6
Bd7 47. Kd4 Ke7 48. Ke5 c5 49. bxc5 Nc6+ 50. Kf4 Nxa5 51. Nxf5+ Bxf5 52. Kxf5
Nb3 53. c6 bxc6 54. Bxa6 Nd2 55. Kxg4 c5 56. Kf4 c4 57. e4 c3 58. Bd3 Nc4 59.
Kf3 Kd6 60. Ke2 Nb2 61. f4 Kc5 62. e5 Kd4 63. Bg6 Nc4 64. e6 Nd6 65. e7 1-0

[Event "XtraCon-Skakligaen"]
[Site "Denmark"]
[Date "2013.03.10"]
[Round "9.2"]
[White "Brynell, Stellan"]
[Black "Nilssen, John Arni"]
[Result "1-0"]
[WhiteElo "2500"]
[BlackElo "2364"]
[PlyCount "221"]
[EventDate "2012.10.27"]
[EventType "team-tourn"]
[EventRounds "9"]
[WhiteTeam "Nordkalotten"]
[BlackTeam "K41"]
[WhiteTeamCountry "DEN"]
[BlackTeamCountry "DEN"]

1. d4 Nf6 2. c4 e6 3. Nf3 b6 4. g3 Ba6 5. Qc2 c5 6. d5 exd5 7. cxd5 g6 8. Bg2
Bg7 9. O-O O-O 10. Nc3 d6 11. Re1 b5 12. e4 Nbd7 13. a3 Re8 14. h3 Qb6 15. Bf1
b4 16. axb4 Bxf1 17. bxc5 Nxc5 18. Kxf1 Qb4 19. Bf4 Nfxe4 20. Nxe4 Nxe4 21. Ra4
Qb5+ 22. Qc4 Qxc4+ 23. Rxc4 Nf6 24. Rd1 Red8 25. Rc6 Ne8 26. b3 Rab8 27. Rd3
Rb5 28. Nd2 Nf6 29. Bg5 h6 30. Bxf6 Bxf6 31. Nc4 Be7 32. Rc7 Kf8 33. Rxa7 Rdb8
34. Re3 R8b7 35. Rxb7 Rxb7 36. Ke2 Rb5 37. Rd3 Ke8 38. Kd2 Kd7 39. Kc2 h5 40.
Rf3 Ke8 41. Rd3 Kd7 42. g4 hxg4 43. hxg4 Bd8 44. Kd2 Bg5+ 45. Ke2 Bd8 46. Kf3
Be7 47. Ke4 Bf8 48. Rh3 Be7 49. Rf3 Ke8 50. Kd4 Bf8 51. Re3+ Kd7 52. Kc3 Bg7+
53. Kc2 Bd4 54. Rd3 Bc5 55. Rd1 Ke7 56. Re1+ Kd7 57. f3 Bf2 58. Rf1 Bc5 59. Ra1
Bd4 60. Ra5 Rb8 61. Ra6 Bc5 62. Ra4 Rb5 63. Ra5 Rb8 64. Nd2 f5 65. gxf5 gxf5
66. Ra4 Ke7 67. Kc3 Bf2 68. Nc4 Rb5 69. Ra2 Bc5 70. Re2+ Kf7 71. Re6 Bb4+ 72.
Kd4 Bc5+ 73. Kc3 Bb4+ 74. Kd4 Bc5+ 75. Kd3 Rxb3+ 76. Ke2 f4 77. Re4 Kf6 78.
Rxf4+ Kg5 79. Re4 Rc3 80. Nd2 Ra3 81. Re6 Ra2 82. Kd3 Kf4 83. Nc4 Ra6 84. Rf6+
Kg5 85. Rf8 Kg6 86. f4 Kg7 87. Rc8 Ra1 88. Nd2 Ra4 89. Nc4 Ra1 90. Rb8 Rf1 91.
Ke4 Rd1 92. Nb6 Kf7 93. Kf5 Ke7 94. Rb7+ Kd8 95. Na4 Kc8 96. Nxc5 Rxd5+ 97. Ke6
Rxc5 98. Kxd6 Rc1 99. Rb4 Rd1+ 100. Ke6 Kd8 101. f5 Re1+ 102. Kf7 Kd7 103. Rd4+
Kc7 104. f6 Kc8 105. Kg7 Rg1+ 106. Kf8 Kc7 107. f7 Rg2 108. Ke7 Re2+ 109. Kf6
Rf2+ 110. Ke6 Kc8 111. Rd5 1-0

[Event "XtraCon-Skakligaen"]
[Site "Denmark"]
[Date "2013.03.10"]
[Round "9.3"]
[White "Nilsson, Sebastian"]
[Black "Kristensen, Kaare Hove"]
[Result "1/2-1/2"]
[WhiteElo "2330"]
[BlackElo "2336"]
[PlyCount "79"]
[EventDate "2012.10.27"]
[EventType "team-tourn"]
[EventRounds "9"]
[WhiteTeam "K41"]
[BlackTeam "Nordkalotten"]
[WhiteTeamCountry "DEN"]
[BlackTeamCountry "DEN"]

1. e4 c5 2. Nf3 Nc6 3. d4 cxd4 4. Nxd4 e5 5. Nb5 a6 6. Nd6+ Bxd6 7. Qxd6 Qf6 8.
Qc7 Nge7 9. Nc3 Nb4 10. Bd3 d5 11. O-O d4 12. Na4 Qc6 13. Qa5 Nxd3 14. cxd3 b5
15. Nb6 Qc7 16. Bd2 Rb8 17. Nc4 Qxa5 18. Nxa5 Be6 19. Rac1 Kd7 20. f4 exf4 21.
Bxf4 Rbc8 22. Nb7 Ng6 23. Nc5+ Ke7 24. Bd2 f6 25. Bb4 Kf7 26. Nb7 Rxc1 27. Nd6+
Ke7 28. Rxc1 Kd7 29. Nb7 Rc8 30. Nc5+ Ke8 31. Nb3 Rxc1+ 32. Nxc1 Ne5 33. Bc5
Nc6 34. Kf2 Kf7 35. a3 f5 36. exf5 Bxf5 37. Ne2 Bxd3 38. Nxd4 Nxd4 39. Bxd4 Be4
40. g3 1/2-1/2

[Event "XtraCon-Skakligaen"]
[Site "Denmark"]
[Date "2013.03.10"]
[Round "9.4"]
[White "Hove, Esben Kjems"]
[Black "Brinck Claussen, Bjorn"]
[Result "1/2-1/2"]
[WhiteElo "2267"]
[BlackElo "2260"]
[PlyCount "32"]
[EventDate "2012.10.27"]
[EventType "team-tourn"]
[EventRounds "9"]
[WhiteTeam "Nordkalotten"]
[BlackTeam "K41"]
[WhiteTeamCountry "DEN"]
[BlackTeamCountry "DEN"]

1. d4 Nf6 2. Bg5 c5 3. Bxf6 gxf6 4. d5 Qb6 5. Qc1 Bh6 6. e3 f5 7. Nd2 Qd6 8. c4
e6 9. dxe6 dxe6 10. Qc3 O-O 11. Ngf3 Bg7 12. Qc2 Nc6 13. Rd1 Qe7 14. Be2 b6 15.
O-O Bb7 16. a3 Kh8 1/2-1/2

[Event "XtraCon-Skakligaen"]
[Site "Denmark"]
[Date "2013.03.10"]
[Round "9.6"]
[White "Pedersen, Daniel V"]
[Black "Schmidt, Kristen"]
[Result "0-1"]
[WhiteElo "2274"]
[BlackElo "2264"]
[PlyCount "78"]
[EventDate "2012.10.27"]
[EventType "team-tourn"]
[EventRounds "9"]
[WhiteTeam "Nordkalotten"]
[BlackTeam "K41"]
[WhiteTeamCountry "DEN"]
[BlackTeamCountry "DEN"]

1. e4 c5 2. c3 Nf6 3. e5 Nd5 4. d4 cxd4 5. Nf3 Nc6 6. Bc4 e6 7. cxd4 d6 8. Qe2
Be7 9. O-O O-O 10. Re1 Bd7 11. Nc3 Nxc3 12. bxc3 Rc8 13. Bd3 d5 14. Bc2 a6 15.
Qd3 g6 16. Bh6 Re8 17. Qe3 f5 18. exf6 Bxf6 19. Ne5 Nxe5 20. dxe5 Bg7 21. Bxg7
Kxg7 22. Rab1 Rc7 23. Rb4 Bb5 24. a4 Bc4 25. Rb6 Rd7 26. Reb1 Bb5 27. Rb4 Bc6
28. h4 a5 29. Rb1 Qxh4 30. Qd4 Qh6 31. g3 Rf8 32. Kg2 Rdf7 33. f4 Qh5 34. Bd3
Rxf4 35. Qxf4 Rxf4 36. gxf4 Qg4+ 37. Kf2 Qxf4+ 38. Ke2 Qxe5+ 39. Kd2 Qf4+ 0-1

[Event "XtraCon-Skakligaen"]
[Site "Denmark"]
[Date "2013.03.10"]
[Round "9.7"]
[White "Christensen, Bo Garner"]
[Black "Jakobsen, Peter"]
[Result "1/2-1/2"]
[WhiteElo "2243"]
[BlackElo "2255"]
[PlyCount "137"]
[EventDate "2012.10.27"]
[EventType "team-tourn"]
[EventRounds "9"]
[WhiteTeam "K41"]
[BlackTeam "Nordkalotten"]
[WhiteTeamCountry "DEN"]
[BlackTeamCountry "DEN"]

1. e4 c5 2. Nf3 d6 3. d4 cxd4 4. Qxd4 a6 5. c4 Nc6 6. Qd1 Nf6 7. Nc3 g6 8. h3
Bg7 9. Be3 O-O 10. Qd2 Qa5 11. Bd3 Bd7 12. O-O Rab8 13. a3 Rfc8 14. b4 Qd8 15.
Rac1 Be6 16. Nd5 Nd7 17. Ng5 Bxd5 18. exd5 Nce5 19. Be2 Nb6 20. Qa2 h6 21. Ne4
Na4 22. Qb3 b5 23. f4 Nd7 24. Rc2 Nf6 25. Nxf6+ Bxf6 26. c5 Rc7 27. Rfc1 Kg7
28. g4 e6 29. dxe6 fxe6 30. cxd6 Rxc2 31. Qxc2 Qxd6 32. Qc7+ Qxc7 33. Rxc7+ Kg8
34. g5 hxg5 35. fxg5 Bd8 36. Rd7 Bb6 37. Bxb6 Rxb6 38. Bd3 e5 39. Kf2 Nb2 40.
Be4 Nc4 41. h4 Kf8 42. h5 gxh5 43. g6 Rd6 44. g7+ Kg8 45. Bd5+ Rxd5 46. Rxd5
Kxg7 47. Rd7+ Kf6 48. Ra7 e4 49. Rxa6+ Ke5 50. a4 bxa4 51. Rxa4 Kd5 52. Ra8 Ne5
53. b5 Kc5 54. Rh8 Nd3+ 55. Ke3 Kxb5 56. Rxh5+ Kc4 57. Kxe4 Nc5+ 58. Ke3 Ne6
59. Rh4+ Kd5 60. Re4 Nc5 61. Rd4+ Ke5 62. Rd1 Ne6 63. Ra1 Kd5 64. Ra4 Nc5 65.
Rd4+ Ke5 66. Rd8 Ne6 67. Ra8 Kd5 68. Ra4 Nc5 69. Rb4 1/2-1/2

[Event "XtraCon-Skakligaen"]
[Site "Denmark"]
[Date "2013.03.10"]
[Round "9.8"]
[White "Ejsing, Esben"]
[Black "Hartung Nielsen, Jens"]
[Result "1-0"]
[WhiteElo "2159"]
[BlackElo "2241"]
[PlyCount "61"]
[EventDate "2012.10.27"]
[EventType "team-tourn"]
[EventRounds "9"]
[WhiteTeam "Nordkalotten"]
[BlackTeam "K41"]
[WhiteTeamCountry "DEN"]
[BlackTeamCountry "DEN"]

1. d4 Nf6 2. Nf3 b6 3. Bg5 Ne4 4. Bf4 Bb7 5. e3 e6 6. Nbd2 Be7 7. Nxe4 Bxe4 8.
Be2 O-O 9. O-O d6 10. c4 Nd7 11. Nd2 Bb7 12. Bf3 Qc8 13. b4 e5 14. Bg3 f5 15.
h3 Bf6 16. Nb3 e4 17. Be2 Qe8 18. Rc1 Qe6 19. Qd2 Rfc8 20. Rfd1 c6 21. a4 Be7
22. a5 Rab8 23. Ra1 Kh8 24. axb6 axb6 25. Ra7 Nf6 26. Rda1 h6 27. Qb2 Qd7 28.
c5 bxc5 29. bxc5 Ra8 30. cxd6 Rxa7 31. Rxa7 1-0

[Event "XtraCon-Skakligaen"]
[Site "Denmark"]
[Date "2013.03.10"]
[Round "9.1"]
[White "Teplyi, Igor"]
[Black "Rasmussen, Allan Stig"]
[Result "1/2-1/2"]
[WhiteElo "2386"]
[BlackElo "2511"]
[PlyCount "41"]
[EventDate "2012.10.27"]
[EventType "team-tourn"]
[EventRounds "9"]
[WhiteTeam "Nordre"]
[BlackTeam "Jetsmark"]
[WhiteTeamCountry "DEN"]
[BlackTeamCountry "DEN"]

1. d4 Nf6 2. c4 e6 3. Nf3 c5 4. d5 exd5 5. cxd5 d6 6. Nc3 g6 7. e4 Bg7 8. h3 a6
9. Bd3 b5 10. O-O O-O 11. Bf4 Re8 12. Re1 Ra7 13. a3 Rae7 14. Rc1 h6 15. b4 c4
16. Bb1 g5 17. Be3 Nbd7 18. Bd4 Qc7 19. e5 Nxe5 20. Bxe5 Rxe5 21. Nxe5 1/2-1/2

[Event "XtraCon-Skakligaen"]
[Site "Denmark"]
[Date "2013.03.10"]
[Round "9.2"]
[White "Pedersen, Christian Kyndel"]
[Black "Sloth, Jorn"]
[Result "1/2-1/2"]
[WhiteElo "2443"]
[BlackElo "2340"]
[PlyCount "63"]
[EventDate "2012.10.27"]
[EventType "team-tourn"]
[EventRounds "9"]
[WhiteTeam "Jetsmark"]
[BlackTeam "Nordre"]
[WhiteTeamCountry "DEN"]
[BlackTeamCountry "DEN"]

1. e4 c5 2. Nf3 Nf6 3. Nc3 Nc6 4. d4 d5 5. exd5 Nxd5 6. Bc4 Nb6 7. Bb5 cxd4 8.
Nxd4 Bd7 9. Bf4 g6 10. Nxc6 Bxc6 11. Bxc6+ bxc6 12. Qf3 Qc8 13. O-O-O Bg7 14.
Rhe1 e6 15. Bd6 Qb7 16. Nb5 Nd5 17. Rxd5 cxb5 18. Bb4 Rb8 19. Kb1 a6 20. Qf4 a5
21. Bxa5 Ra8 22. Qd2 O-O 23. Rd7 Qa6 24. b4 Qc6 25. Rd1 Qxg2 26. f4 Qe4 27. a3
Rac8 28. Rd3 Qc4 29. Bb6 Bc3 30. Qf2 Ra8 31. Ba5 Bf6 32. Qd2 1/2-1/2

[Event "XtraCon-Skakligaen"]
[Site "Denmark"]
[Date "2013.03.10"]
[Round "9.4"]
[White "Baekgaard, Martin"]
[Black "Veng, Johny"]
[Result "1/2-1/2"]
[WhiteElo "2313"]
[BlackElo "2239"]
[PlyCount "41"]
[EventDate "2012.10.27"]
[EventType "team-tourn"]
[EventRounds "9"]
[WhiteTeam "Jetsmark"]
[BlackTeam "Nordre"]
[WhiteTeamCountry "DEN"]
[BlackTeamCountry "DEN"]

1. c4 c5 2. Nf3 Nc6 3. d4 cxd4 4. Nxd4 g6 5. Nc3 Bg7 6. Nc2 Nf6 7. g3 O-O 8.
Bg2 d6 9. O-O Nd7 10. Qd2 Qa5 11. Rb1 Nb6 12. Ne3 Be6 13. b4 Qh5 14. Ncd5 Bxd5
15. Bxd5 Nxd5 16. cxd5 Ne5 17. Bb2 Rfc8 18. Rfc1 Ng4 19. Nxg4 Qxg4 20. f3 Qf5
21. Bxg7 1/2-1/2

[Event "XtraCon-Skakligaen"]
[Site "Denmark"]
[Date "2013.03.10"]
[Round "9.5"]
[White "Christensen, Jan Schleicher"]
[Black "Wiwe, Andreas"]
[Result "0-1"]
[WhiteElo "2252"]
[BlackElo "2272"]
[PlyCount "93"]
[EventDate "2012.10.27"]
[EventType "team-tourn"]
[EventRounds "9"]
[WhiteTeam "Nordre"]
[BlackTeam "Jetsmark"]
[WhiteTeamCountry "DEN"]
[BlackTeamCountry "DEN"]

1. d4 f5 2. Bf4 Nf6 3. e3 d6 4. Nf3 g6 5. h4 Bg7 6. Bc4 e6 7. Nc3 Qe7 8. Qe2
Nc6 9. O-O-O h6 10. Bb3 a6 11. Nd2 Bd7 12. f3 O-O-O 13. Bc4 Kb8 14. Nb3 Bc8 15.
Bh2 Rhe8 16. Rhe1 d5 17. Bd3 e5 18. dxe5 Nxe5 19. Qf2 Ka8 20. Kb1 b6 21. Be2
Bb7 22. a4 Nc4 23. Bxc4 dxc4 24. Nd4 c5 25. Nde2 g5 26. hxg5 hxg5 27. Qg3 Nd5
28. Nxd5 Rxd5 29. Rxd5 Bxd5 30. Rd1 f4 31. exf4 Qxe2 32. Rxd5 Qf1+ 33. Ka2 Re1
34. Rd8+ Ka7 35. Rd7+ Ka8 36. Rd8+ Ka7 37. Rd7+ Ka8 38. Rd8+ Kb7 39. Rd7+ Kc8
40. Qxe1 Qxe1 41. Rxg7 Qh4 42. f5 Qxh2 43. f6 Qh8 44. g4 Qf8 45. Rxg5 Qxf6 46.
Rf5 Qe6 47. Kb1 0-1

[Event "XtraCon-Skakligaen"]
[Site "Denmark"]
[Date "2013.03.10"]
[Round "9.6"]
[White "Helledie, Anders"]
[Black "Nielsen, Poul Erik"]
[Result "1/2-1/2"]
[WhiteElo "2236"]
[BlackElo "2215"]
[PlyCount "117"]
[EventDate "2012.10.27"]
[EventType "team-tourn"]
[EventRounds "9"]
[WhiteTeam "Jetsmark"]
[BlackTeam "Nordre"]
[WhiteTeamCountry "DEN"]
[BlackTeamCountry "DEN"]

1. e4 c5 2. Nc3 a6 3. a4 d6 4. f4 Nc6 5. Nf3 g6 6. d3 Bg7 7. g3 e6 8. Bg2 Nge7
9. O-O O-O 10. Be3 Nd4 11. e5 Nef5 12. Bf2 Nxf3+ 13. Qxf3 Nd4 14. Qd1 dxe5 15.
fxe5 Bxe5 16. Ne4 f5 17. Nxc5 Qa5 18. Nb3 Nxb3 19. cxb3 Bxb2 20. Ra2 Bf6 21. d4
Rd8 22. Qd3 Qb4 23. Rd1 e5 24. d5 e4 25. Qc4 a5 26. Bf1 Bd7 27. Bc5 Qxc4 28.
bxc4 Rdc8 29. Be3 Be5 30. Rb1 Rab8 31. Ba7 Bd6 32. Bxb8 Bc5+ 33. Kg2 Rxb8 34.
Be2 b6 35. Bd1 Kf7 36. Re2 Kf6 37. Bc2 Re8 38. Rf1 Ke5 39. Rd1 Kd6 40. Bb3 f4
41. gxf4 Bg4 42. Rde1 Bxe2 43. Rxe2 e3 44. Bc2 Bd4 45. h4 Kc5 46. h5 gxh5 47.
Bxh7 Kxc4 48. Kf3 Kxd5 49. Bd3 Bc5 50. Bb5 Rh8 51. Rh2 Kd4 52. Re2 Rh7 53. Rxe3
Kd5 54. Re2 Bd4 55. Rg2 h4 56. Kg4 Rg7+ 57. Kf3 Rxg2 58. Kxg2 Ke4 59. Kh3
1/2-1/2

[Event "XtraCon-Skakligaen"]
[Site "Denmark"]
[Date "2013.03.10"]
[Round "9.7"]
[White "Klitgaard, Thomas"]
[Black "Lund, Martin"]
[Result "1-0"]
[WhiteElo "2186"]
[BlackElo "2142"]
[PlyCount "125"]
[EventDate "2012.10.27"]
[EventType "team-tourn"]
[EventRounds "9"]
[WhiteTeam "Nordre"]
[BlackTeam "Jetsmark"]
[WhiteTeamCountry "DEN"]
[BlackTeamCountry "DEN"]

1. d4 d5 2. Nc3 Nf6 3. Bg5 e6 4. e4 dxe4 5. Nxe4 Be7 6. Bxf6 gxf6 7. g3 f5 8.
Nc3 Bf6 9. Nf3 Nc6 10. Ne2 Ne7 11. Bg2 Ng6 12. h4 h6 13. Qd2 c5 14. dxc5 Bxb2
15. Rb1 Bf6 16. Qxd8+ Bxd8 17. Nfd4 Ba5+ 18. Kf1 O-O 19. c6 bxc6 20. Bxc6 Ba6
21. Bxa8 Rxa8 22. Nc6 Bb6 23. h5 Nf8 24. Rh4 Nd7 25. c4 Bb7 26. Ncd4 Be4 27.
Rd1 Ne5 28. f3 Nxc4 29. Rc1 Nd2+ 30. Kg2 Bd5 31. Nc3 Bb7 32. Na4 Bd8 33. Rhh1
Bg5 34. Rc2 Rd8 35. Nc6 Rd6 36. Ne5 f6 37. Rc7 Nxf3 38. Rxb7 Nxe5 39. Rhb1 f4
40. Rb8+ Kg7 41. R1b7+ Nf7 42. Nc5 f5 43. Rd7 Kf6 44. Rbb7 f3+ 45. Kf2 Rd2+ 46.
Rxd2 Bxd2 47. Nd7+ Kg5 48. Rxa7 Kxh5 49. Kxf3 e5 50. a4 Ng5+ 51. Ke2 Bc3 52.
Nf6+ Kg6 53. Ra6 Bd4 54. g4 f4 55. Ne4+ Kf7 56. Nxg5+ hxg5 57. Kf3 Ke7 58. Ke4
Kf7 59. Rc6 Ke7 60. Rg6 Kf7 61. Rxg5 Kf6 62. Rf5+ Kg6 63. a5 1-0